000 01102nam a22002777a 4500
001 BR8800035
003 BR-BrBNA
005 20230928092809.0
007 ta
008 230509b bl.||||| |||| 00| 0 por d
040 _aBR-BrBNA
_bpor
_cBiblioteca Nacional de Agricultura
041 _a(Por)
072 _aP10
_b/G514
090 _ P10 BR8800035
100 1 _aCunha, J.E.M.
110 1 _aUniversidade Federal da Bahia, Salvador (Brasil). Programa de Pesquisa e Pos-Graduacao em Geofisica
_0Tese (Mestre em Ciencias Geofisica)
_910737
245 1 _aEstudo hidrometeorologico da bacia do rio Buriti-Bahia, usando um modelo pluvio-hidrometrico
260 3 _aSalvador, BA (Brasil):
_c1983.
300 _a134 p.
500 _a6 illus.; 28 tables; 17 graphs; 1 Map, scale 1:100.000; 1 Map, scale 1:250.000; 1 Map scale 1:1.000.000; Bibliography p. 62-66 (52 ref.); Summaries (Eng, Por). (*) Documento disponível na(o) UFBA Salvador (Brazil)Inst. Geociencias
650 _aHIDROLOGIA
650 _aBACIA HIDROGRAFICA
650 _aBAHIA
909 _a202309
_bLucia
_c55
_dLucia Elande
942 _cBK
999 _c41255
_d41255